000 00762 a2200205 4500
005 20080908155628.0
008 080908t xxu||||| |||| 00| 1 eng d
010 _aENG-87680
020 _a8186425330
_c150.00
035 _aEN-71213
037 _bDBAD / PUB
082 _aN
100 _aNarula, Shamsher Singh
245 _aWoman who sold tears
_cby Shamsher Singh Narula
260 _aNew Delhi
_bConfluence International
_c2006
270 _a203/E588, Greater Kailash, Part-II,
_bNew Delhi
_e110 048
_k91-11-29216832
_mconfluence@connectgroup
300 _a125 p.
_c22 cm ( Pbk)
942 _adpl
_cEN
_kN/NAR
_2ddc
_hN
_mNAR
999 _c6799
_d6799